| 000 | 00961cam a2200289 a 4500 | ||
|---|---|---|---|
| 008 | |||
| 020 | _a0030969166 (pbk. ) | ||
| 049 | _aMAIN | ||
| 050 | 0 | 0 |
_aHD30.23 _bLAP |
| 100 | 1 | _aLapin, Lawrence L. | |
| 245 | 1 | 0 |
_aQuantitative methods for business decisions : _bwith cases / _cLawrence L. Lapin. |
| 250 | _a6th ed. | ||
| 260 |
_aFort Worth : _bThe Dryden Press, _c1994. |
||
| 300 |
_axx, 1250 p. : _bill. ; _c26 cm. |
||
| 440 | 4 | _aThe Dryden Press series in management science and quantitative methods. | |
| 500 | _aIncludes index. | ||
| 504 | _aIncludes bibliographical references. | ||
| 650 | 0 |
_aDecision making _xMathematical models. |
|
| 650 | 0 | _aOperations research. | |
| 650 | 0 | _aStatistical decision. | |
| 650 | 0 |
_aDecision-making _xMathematical models _xComputer programs. |
|
| 907 |
_a.b10246101 _b30-04-08 _c28-05-07 |
||
| 003 | |||
| 005 | 20230123134451.0 | ||
| 040 | _cNUST | ||
| 942 | _cBOOKS | ||
| 999 |
_c166424 _d166424 |
||